[Event "US Masters"]
[Site "Greensboro"]
[Date "2015.08.28"]
[Round "3"]
[White "Zherebukh, Yaroslav"]
[Black "Molner, Mackenzie"]
[Result "1-0"]
[WhiteElo "2637"]
[BlackElo "2475"]
[PlyCount "83"]
[EventDate "2015.08.27"]
[EventType "swiss"]
[EventRounds "9"]
[EventCountry "USA"]
[SourceTitle "EXT 2016"]
[Source "ChessBase"]
[SourceDate "2015.10.08"]

1. d4 Nf6 2. c4 g6 3. Nf3 Bg7 4. g3 O-O 5. Bg2 d6 6. O-O Nc6 7. Nc3 a6 8. e3
Rb8 9. Nd2 e5 10. d5 Ne7 11. b4 Nd7 12. Nde4 b5 13. c5 dxc5 14. bxc5 f5 15. d6
fxe4 16. dxe7 Qxe7 17. Nd5 Qf7 18. Ba3 Nf6 19. Nxf6+ Bxf6 20. Qc2 Be6 21. Bxe4
Rfd8 22. Bb4 Bd5 23. Ba5 Bxe4 24. Qxe4 Kg7 25. Rfd1 Rd7 26. Qc6 Rbd8 27. Rxd7
Rxd7 28. Qxa6 e4 29. Rc1 Qxa2 30. Qxb5 Rf7 31. Be1 Qd5 32. Qc4 Qf5 33. c6 h5
34. Qe2 Be5 35. Rc5 Qe6 36. Qc4 Qxc4 37. Rxc4 Bd6 38. Bc3+ Kf8 39. Rxe4 Rf5 40.
Rc4 Rc5 41. Rxc5 Bxc5 42. Be5 1-0

[Event "US Masters op"]
[Site "Greensboro"]
[Date "2016.08.25"]
[Round "1"]
[White "Molner, Mackenzie"]
[Black "Titus, Andrew L"]
[Result "1-0"]
[WhiteElo "2464"]
[BlackElo "2143"]
[PlyCount "71"]
[EventDate "2016.08.25"]
[EventType "swiss"]
[EventRounds "9"]
[EventCountry "USA"]
[SourceTitle "CBM 174 Extra"]
[Source "ChessBase"]
[SourceDate "2016.10.10"]

1. e4 c5 2. Nf3 d6 3. d4 cxd4 4. Nxd4 Nf6 5. Nc3 a6 6. Qf3 Nbd7 7. h3 h5 8. b3
Qc7 9. Bb2 b5 10. e5 Bb7 11. exd6 Qb6 12. Qe3 e5 13. O-O-O O-O-O 14. Nf5 g6 15.
Ne7+ Kb8 16. Qxb6 Nxb6 17. a4 b4 18. Na2 Ne4 19. Nxb4 Bh6+ 20. Kb1 Nxf2 21.
Nec6+ Ka8 22. Bxa6 Nxh1 23. Bxb7+ Kxb7 24. Nxd8+ Rxd8 25. Rxh1 f6 26. c4 Be3
27. a5 Nc8 28. a6+ Ka8 29. Nd5 Ba7 30. c5 Nxd6 31. cxd6 Rxd6 32. Nc7+ Kb8 33.
Ne8 Rxa6 34. Nxf6 Bd4 35. Nd7+ Kc7 36. Nxe5 1-0

[Event "US Masters op"]
[Site "Greensboro"]
[Date "2016.08.26"]
[Round "3"]
[White "Molner, Mackenzie"]
[Black "Sevian, Samuel"]
[Result "0-1"]
[WhiteElo "2464"]
[BlackElo "2600"]
[PlyCount "90"]
[EventDate "2016.08.25"]
[EventType "swiss"]
[EventRounds "9"]
[EventCountry "USA"]
[SourceTitle "CBM 174 Extra"]
[Source "ChessBase"]
[SourceDate "2016.10.10"]

1. e4 e5 2. Nf3 Nc6 3. Bb5 a6 4. Ba4 Nf6 5. O-O Be7 6. Re1 b5 7. Bb3 d6 8. c3
O-O 9. h3 Na5 10. Bc2 c5 11. d4 Qc7 12. Nbd2 cxd4 13. cxd4 Be6 14. d5 Bd7 15.
a3 Rfc8 16. Bd3 Nc4 17. Nf1 Nb6 18. b3 Bf8 19. Qe2 Be8 20. Ne3 Nbd7 21. b4 Nb6
22. Nh2 Na4 23. Nhg4 Nxg4 24. hxg4 g6 25. g3 Qb6 26. Bd2 Rc7 27. g5 Bd7 28.
Rac1 Rac8 29. Rc6 Rxc6 30. dxc6 Bxc6 31. Ng4 Be7 32. Be3 Qd8 33. f4 d5 34. fxe5
dxe4 35. Bc2 Bxg5 36. Qf2 Bxe3 37. Rxe3 Qg5 38. Nf6+ Kg7 39. Bxe4 Qxe5 40. Bxc6
Qa1+ 41. Kg2 Rxc6 42. Ne8+ Kf8 43. Re1 Qc3 44. Re3 Qc2 45. Re2 Qd3 0-1